Platinum metals review.

Bibliographic Details
Corporate Author: Johnson, Matthey and Company, ltd
Format: Journal
Language:English
Published: [London] : [Johnson, Matthey & Co.]
Subjects:
Online Availability: Check for online availability

MARC

Tag First Indicator Second Indicator Subfields
LEADER 00000cas a2200000 4500
001 in00000043049
005 20151007070826.0
008 751101c19579999enkqr2p 0uuua0eng d
010 |a  59037460  
012 |e n 
022 |a 0032-1400 
030 |a PTMRA3 
035 |a (OCoLC)01762481 
035 |9 AAE4790AM 
040 |a MUL  |c MUL  |d OCL  |d PIT  |d NSD  |d TXA  |d UtOrBLW 
042 |a nsdp 
049 |a TXAE 
050 0 0 |a TN799.P7  |b P55 
082 0 |a 669.2405 
222 0 |a Platinum metals review 
245 0 0 |a Platinum metals review. 
264 1 |a [London] :  |b [Johnson, Matthey & Co.] 
300 |a  volumes :  |b illustrations, diagrams  |a quarterly. 
336 |a text  |b txt  |2 rdacontent 
337 |a unmediated  |b n  |2 rdamedia 
338 |a volume  |b nc  |2 rdacarrier 
362 0 |a v. 1- Jan. 1957- 
510 0 |a Engineering index monthly  |x 0013-7960 
510 0 |a Engineering index annual  |x 0360-8557 
510 0 |a Chemical abstracts  |x 0009-2258 
510 0 |a Nuclear science abstracts  |x 0029-5612 
650 0 |a Platinum  |x Periodicals. 
710 2 |a Johnson, Matthey and Company, ltd. 
999 |a MARS 
999 f f |s 39d2852f-7644-34e8-9748-757adf163b21  |i e3c33c5f-c400-3877-9cba-77c186618e1d  |t 0 
952 f f |p serial  |a Texas A&M University  |b College Station  |c Sterling C. Evans Library  |d Evans: Library Stacks  |t 0  |e TN799.P7 P55  |h Library of Congress classification  |i unmediated -- volume  |k v.48:no.1-2  |l 2004:Jan.-Apr.  |m A14836405510 
952 f f |p serial  |a Texas A&M University  |b College Station  |c Sterling C. Evans Library  |d Evans: Library Stacks  |t 0  |e TN799.P7 P55  |h Library of Congress classification  |i unmediated -- volume  |k v.46  |l 2002  |m A14831808828 
952 f f |p serial  |a Texas A&M University  |b College Station  |c Sterling C. Evans Library  |d Evans: Library Stacks  |t 0  |e TN799.P7 P55  |h Library of Congress classification  |i unmediated -- volume  |k v.41 -v.42  |l 1997-1998  |m A14824945944 
952 f f |p serial  |a Texas A&M University  |b College Station  |c Sterling C. Evans Library  |d Evans: Library Stacks  |t 0  |e TN799.P7 P55  |h Library of Congress classification  |i unmediated -- volume  |k v.31 -v.32  |l 1987-1988  |m A14811808874 
952 f f |p serial  |a Texas A&M University  |b College Station  |c Sterling C. Evans Library  |d Evans: Library Stacks  |t 0  |e TN799.P7 P55  |h Library of Congress classification  |i unmediated -- volume  |k v.3 -v.4  |l 1959-1960  |m A14825042317 
952 f f |p serial  |a Texas A&M University  |b College Station  |c Sterling C. Evans Library  |d Evans: Library Stacks  |t 0  |e TN799.P7 P55  |h Library of Congress classification  |i unmediated -- volume  |k v.33 -v.34  |l 1989-1990  |m A14814367869 
952 f f |p serial  |a Texas A&M University  |b College Station  |c Sterling C. Evans Library  |d Evans: Library Stacks  |t 0  |e TN799.P7 P55  |h Library of Congress classification  |i unmediated -- volume  |k v.5 -v.6  |l 1961-1962  |m A14825042367 
952 f f |p serial  |a Texas A&M University  |b College Station  |c Sterling C. Evans Library  |d Evans: Library Stacks  |t 0  |e TN799.P7 P55  |h Library of Congress classification  |i unmediated -- volume  |k v.13 -v.14  |l 1969-1970  |m A14816409340 
952 f f |p serial  |a Texas A&M University  |b College Station  |c Sterling C. Evans Library  |d Evans: Library Stacks  |t 0  |e TN799.P7 P55  |h Library of Congress classification  |i unmediated -- volume  |k v.17 -v.18  |l 1973-1974  |m A14816409366 
952 f f |p serial  |a Texas A&M University  |b College Station  |c Sterling C. Evans Library  |d Evans: Library Stacks  |t 0  |e TN799.P7 P55  |h Library of Congress classification  |i unmediated -- volume  |k v.21 -v.22  |l 1977-1978  |m A14813887727 
952 f f |p serial  |a Texas A&M University  |b College Station  |c Sterling C. Evans Library  |d Evans: Library Stacks  |t 0  |e TN799.P7 P55  |h Library of Congress classification  |i unmediated -- volume  |k v.23 -v.24  |l 1979-1980  |m A14825042561 
952 f f |p serial  |a Texas A&M University  |b College Station  |c Sterling C. Evans Library  |d Evans: Library Stacks  |t 0  |e TN799.P7 P55  |h Library of Congress classification  |i unmediated -- volume  |k v.15 -v.16  |l 1971-1972  |m A14816409358 
952 f f |p serial  |a Texas A&M University  |b College Station  |c Sterling C. Evans Library  |d Evans: Library Stacks  |t 0  |e TN799.P7 P55  |h Library of Congress classification  |i unmediated -- volume  |k v.7 -v.8  |l 1963-1964  |m A14825042414 
952 f f |p serial  |a Texas A&M University  |b College Station  |c Sterling C. Evans Library  |d Evans: Library Stacks  |t 0  |e TN799.P7 P55  |h Library of Congress classification  |i unmediated -- volume  |k v.37 -v.38  |l 1993-1994  |m A14819298730 
952 f f |p serial  |a Texas A&M University  |b College Station  |c Sterling C. Evans Library  |d Evans: Library Stacks  |t 0  |e TN799.P7 P55  |h Library of Congress classification  |i unmediated -- volume  |k v.9 -v.10  |l 1965-1966  |m A14825042464 
952 f f |p serial  |a Texas A&M University  |b College Station  |c Sterling C. Evans Library  |d Evans: Library Stacks  |t 0  |e TN799.P7 P55  |h Library of Congress classification  |i unmediated -- volume  |k v.39 -v.40  |l 1995-1996  |m A14821428260 
952 f f |p serial  |a Texas A&M University  |b College Station  |c Sterling C. Evans Library  |d Evans: Library Stacks  |t 0  |e TN799.P7 P55  |h Library of Congress classification  |i unmediated -- volume  |k v.11 -v.12  |l 1967-1968  |m A14825042511 
952 f f |p serial  |a Texas A&M University  |b College Station  |c Sterling C. Evans Library  |d Evans: Library Stacks  |t 0  |e TN799.P7 P55  |h Library of Congress classification  |i unmediated -- volume  |k v.19 -v.20  |l 1975-1976  |m A14816409374 
952 f f |p serial  |a Texas A&M University  |b College Station  |c Sterling C. Evans Library  |d Evans: Library Stacks  |t 0  |e TN799.P7 P55  |h Library of Congress classification  |i unmediated -- volume  |k v.35 -v.36  |l 1991-1992  |m A14817148036 
952 f f |p serial  |a Texas A&M University  |b College Station  |c Sterling C. Evans Library  |d Evans: Library Stacks  |t 0  |e TN799.P7 P55  |h Library of Congress classification  |i unmediated -- volume  |k v.44:no.1,3-4  |l 2000  |m A14827338463 
952 f f |p serial  |a Texas A&M University  |b College Station  |c Sterling C. Evans Library  |d Evans: Library Stacks  |t 0  |e TN799.P7 P55  |h Library of Congress classification  |i unmediated -- volume  |k v.47  |l 2003  |m A14831808789 
952 f f |p serial  |a Texas A&M University  |b College Station  |c Sterling C. Evans Library  |d Evans: Library Stacks  |t 0  |e TN799.P7 P55  |h Library of Congress classification  |i unmediated -- volume  |k v.27 -v.28  |l 1983-1984  |m A14825042618 
952 f f |p serial  |a Texas A&M University  |b College Station  |c Sterling C. Evans Library  |d Evans: Library Stacks  |t 0  |e TN799.P7 P55  |h Library of Congress classification  |i unmediated -- volume  |k v.1 -v.2  |l 1957-1958  |m A14825042260 
952 f f |p serial  |a Texas A&M University  |b College Station  |c Sterling C. Evans Library  |d Evans: Library Stacks  |t 0  |e TN799.P7 P55  |h Library of Congress classification  |i unmediated -- volume  |k v.43  |l 1999  |m A14827330009 
952 f f |p serial  |a Texas A&M University  |b College Station  |c Sterling C. Evans Library  |d Evans: Library Stacks  |t 0  |e TN799.P7 P55  |h Library of Congress classification  |i unmediated -- volume  |k v.45:no.1-3  |l 2001:Jan.-July  |m A14829631299 
952 f f |p serial  |a Texas A&M University  |b College Station  |c Sterling C. Evans Library  |d Evans: Library Stacks  |t 0  |e TN799.P7 P55  |h Library of Congress classification  |i unmediated -- volume  |k v.25 -v.26  |l 1981-1982  |m A14812133557 
952 f f |p serial  |a Texas A&M University  |b College Station  |c Sterling C. Evans Library  |d Evans: Library Stacks  |t 0  |e TN799.P7 P55  |h Library of Congress classification  |i unmediated -- volume  |k v.29 -v.30  |l 1985-1986  |m A14813861179 
998 f f |a TN799.P7 P55  |s v.48:no.1-2 (2004:Jan.-Apr.)  |t 0  |l Evans: Library Stacks